[Event "RUS-ch U18"]
[Site "Kolontaevo"]
[Date "1998.??.??"]
[Round "?"]
[White "Abelev, Oleg"]
[Black "Rogovoi, Mark"]
[Result "0-1"]
[WhiteElo "2260"]
[BlackElo "2155"]

1.d4 Nf6 2.Bg5 g6 3.Bxf6 exf6 4.e3 Bg7 5.g3 O-O 6.Bg2 f5 7.Ne2 d6 8.c4 Nd7
9.Nbc3 Nf6 10.O-O Rb8 11.b4 c6 12.a4 Re8 13.b5 Qc7 14.Qd3 Bd7 15.Rfb1 Rbc8
16.Rc1 Be6 17.a5 c5 18.b6 axb6 19.Nb5 Qe7 20.axb6 d5 21.Nc7 Red8 22.Qa3 dxc4
23.Nc3 Bf8 24.d5 Bd7 25.d6 Qxd6 26.Bxb7 Qxb6 27.Bxc8 Bxc8 28.Qa7 Qc6 29.Rab1 Rd7
30.Rb6 Qxc7 31.Qxc7 Rxc7 32.Rxf6 Be6 33.Ne2 Kg7 34.Rxe6 fxe6 35.Nf4 Kf6 36.Rxc4 Rd7
37.Ne2 Rb7 38.Ra4 Rb4 39.Ra8 Bd6 40.h4 h5 41.Rd8 Rb6 42.Rc8 Rb8 43.Rc6 Ke7
44.Nf4 Kd7 45.Ra6 Bxf4 46.exf4 Rb1+ 47.Kg2 c4 48.Ra4 Rc1 49.Ra7+ Kd6 50.Ra6+ Kd5
51.Ra5+ Kd4 52.Re5 c3 53.Rxe6 Rb1 54.Rc6 Rb5 55.Rd6+ Rd5 56.Rc6 Kd3 57.Rxg6 c2
58.Rc6 Rd4  0-1

[Event "Kstovo (Women)"]
[Site "Kstovo"]
[Date "1998.??.??"]
[Round "?"]
[White "Eidelson, Rakhil"]
[Black "Kovalevskaya, Ekaterina"]
[Result "0-1"]
[WhiteElo "2325"]
[BlackElo "2390"]

1.d4 Nf6 2.Bg5 d5 3.Bxf6 gxf6 4.e3 Bf5 5.Ne2 e6 6.Ng3 Bg6 7.h4 h6 8.Bd3 Bxd3
9.Qxd3 Bd6 10.Nh5 Nd7 11.c4 dxc4 12.Qxc4 c6 13.Nc3 Qa5 14.g4 Rg8 15.f3 f5
16.g5 hxg5 17.hxg5 Rxg5 18.O-O-O O-O-O 19.f4 Rgg8 20.Kb1 Kb8 21.Qe2 Bb4 22.Rc1 Bxc3
23.bxc3 c5 24.c4 cxd4 25.exd4 Qb6+ 26.Qb2 Rg2 27.Qxb6 Nxb6 28.d5 exd5 29.cxd5 Nxd5
30.Rhe1 Rc8 31.Rxc8+ Kxc8 32.Re5 Nc3+ 33.Kc1 Nxa2+ 34.Kd1 Nc3+ 35.Ke1 Ne4
36.Rxf5 Nd6 37.Rc5+ Kd7 38.f5 Rb2 39.Nf6+ Kd8 40.Rd5 Ke7 41.Ng8+ Kd7 42.Re5 Rb5
43.Re7+ Kd8 44.f6 Rf5 45.Re3 Kd7 46.Kd1 Rf2 47.Ke1 Rf4 48.Kd1 Re4 49.Ra3 a6
50.Rc3 a5 51.Rc5 b6 52.Rh5 Ke6 53.Rh8 Rd4+ 54.Ke2 Nf5 55.Rh2 Rg4 56.Rh8 Rc4
57.Kf3 Rh4 58.Rxh4 Nxh4+ 59.Ke4 Nf5 60.Kd3 b5 61.Kc3 Kd7  0-1

[Event "Kstovo (Women)"]
[Site "Kstovo"]
[Date "1998.??.??"]
[Round "?"]
[White "Zaitseva, Ludmila G"]
[Black "Kovalevskaya, Ekaterina"]
[Result "1/2-1/2"]
[WhiteElo "2370"]
[BlackElo "2390"]

1.d4 Nf6 2.Bg5 d5 3.Bxf6 gxf6 4.e3 Bf5 5.Ne2 e6 6.Ng3 Bg6 7.Be2 Nd7 8.Nd2 Bd6
9.c3 c6 10.f4 Qb6 11.b4 a5 12.a3 h5 13.O-O h4 14.Nh1 Ke7 15.Nb3 axb4 16.axb4 Rag8
17.Nf2 Rg7 18.Kh1 Bb8 19.Bf3 Rhg8 20.Qd2 Qc7 21.Nc5 Nb6 22.Ncd3 Nc4 23.Qe2 Nd6
24.e4 dxe4 25.Nxe4 Nxe4 26.Bxe4 Bxe4 27.Qxe4 Rxg2 28.Qxg2 Rxg2 29.Kxg2 Qd8
30.Rf3 Bd6 31.Kf2 Qb6 32.Ra5 Qd8 33.Rh5 Qa8 34.Nc1 Qa1 35.Ne2 b6 36.Rxh4 c5
37.bxc5 bxc5 38.Rg4 cxd4 39.cxd4 Bb4 40.Rg1 Qa8 41.h4 Qd5 42.Rh3 Qh5 43.Rgh1 Bd6
44.Rf3 Kf8 45.Ke3 e5 46.fxe5  1/2-1/2

[Event "PER-ch sf"]
[Site "Lima"]
[Date "1998.??.??"]
[Round "4"]
[White "Soto, Jorge"]
[Black "Ramos, Ernesto"]
[Result "1-0"]
[WhiteElo "2175"]
[BlackElo "2295"]

1.d4 Nf6 2.Bg5 c5 3.Bxf6 gxf6 4.d5 Qb6 5.Qc1 e6 6.e4 Bh6 7.Qxh6 Qxb2 8.Ne2 Qxa1
9.Nc3 Qb2 10.Qxf6 Rg8 11.Kd2 Qb4 12.Bd3 Qd4 13.e5 a6 14.Ne4  1-0

[Event "Ljubljana op"]
[Site "Ljubljana"]
[Date "1998.??.??"]
[Round "7"]
[White "Sirnik, Bostjan"]
[Black "Podvrsnik, Marko"]
[Result "1-0"]
[WhiteElo "2170"]
[BlackElo "2205"]

1.d4 Nf6 2.Bg5 d5 3.Bxf6 exf6 4.e3 c6 5.c4 dxc4 6.Bxc4 Bd6 7.Nc3 O-O 8.Qc2 f5
9.Nge2 a5 10.Bd3 g6 11.h4 Be6 12.O-O-O Nd7 13.g4 fxg4 14.h5 f5 15.hxg6 hxg6
16.e4 Qg5+ 17.Kb1 Kg7 18.d5 cxd5 19.Nd4 Qf6 20.Nxe6+ Qxe6 21.exf5 gxf5 22.Rh5 d4
23.Rg5+ Kf6 24.Bxf5 Qe5 25.Ne4+ Ke7 26.Bxd7 Kxd7 27.Rxe5 Bxe5 28.Nc5+ Kd6
29.Nxb7+ Ke7 30.Nc5 Kd6 31.Qg6+ Kd5 32.Qe6+  1-0

[Event "FRA-ch (Women)"]
[Site "Meribel"]
[Date "1998.??.??"]
[Round "1"]
[White "Lebel Arias, Julia"]
[Black "Sahetchian, Armine"]
[Result "1-0"]
[WhiteElo "2105"]
[BlackElo "2110"]

1.d4 Nf6 2.Bg5 d5 3.Nd2 Nc6 4.Ngf3 g6 5.Bxf6 exf6 6.c3 Bh6 7.e3 O-O 8.Be2 Bg4
9.O-O f5 10.h3 Bh5 11.Re1 Re8 12.Qc2 Qf6 13.Bb5 Red8 14.Bxc6 Qxc6 15.Ne5 Qe6
16.c4 c6 17.cxd5 cxd5 18.Nb3 Rac8 19.Qd2 g5 20.f4 f6 21.Nd3 b6 22.fxg5 fxg5
23.Ne5 Kh8 24.Rac1 Bg7 25.e4 dxe4 26.Qxg5 Be8 27.Rcd1  1-0

[Event "Miercurea Ciuc op"]
[Site "Miercurea Ciuc"]
[Date "1998.??.??"]
[Round "7"]
[White "Ionescu, Doru Alexandru"]
[Black "Tesla, Vladimir"]
[Result "0-1"]
[WhiteElo "2250"]
[BlackElo "2270"]

1.d4 Nf6 2.Bg5 d5 3.Bxf6 exf6 4.e3 c6 5.Bd3 Qb6 6.b3 g6 7.Qf3 Bg7 8.Ne2 f5
9.O-O Nd7 10.c4 dxc4 11.bxc4 O-O 12.Nbc3 Qd8 13.Rfd1 Nf6 14.a4 Re8 15.a5 a6
16.Nf4 Rb8 17.Rdb1 c5 18.Nfe2 cxd4 19.Nxd4 Ng4 20.Bf1 Bxd4 21.exd4 Qxd4 22.Rd1 Qe5
23.g3 Be6 24.Nd5 Bxd5 25.Qxd5 Nf6 26.Qxe5 Rxe5 27.Bg2 Rc5 28.Rd6 Ne4 29.Rb6 Rxc4
30.Bf1 Rcc8 31.Rd1 Nd6 32.Rdb1 Rc7 33.h3 Rd8 34.Bg2 Rdd7 35.Rc1 Ne4 36.Re1 Rc5
37.Ra1 Rdd5 38.Rxb7 Rxa5 39.Re1 Re5 40.Ra7 Re6 41.Rd1 Ra2 42.Rdd7 Rf6 43.Bf1 Nxf2
44.Kg2 Ng4+ 45.Kg1 Ne5 46.Rd5 Nf3+  0-1

[Event "Miskolc Avas op"]
[Site "Miskolc"]
[Date "1998.??.??"]
[Round "7"]
[White "Turzo, Attila"]
[Black "Kerek, Krisztian"]
[Result "1/2-1/2"]
[WhiteElo "2415"]
[BlackElo "2335"]

1.d4 Nf6 2.Bg5 g6 3.Bxf6 exf6 4.c4 Bg7 5.Nc3 f5 6.g3 O-O 7.Bg2 d6 8.e3 Nd7
9.Nge2 Nf6 10.O-O Re8 11.Qd3 c6 12.b4 a5 13.b5 Bd7 14.Rab1 Qc7 15.Rfc1 h5
16.Na4 Rab8 17.Nb6 h4 18.Nxd7 Qxd7 19.Nc3 hxg3 20.hxg3 Bf8 21.Qc2 d5 22.Qa4 cxb5
23.Nxb5 f4 24.exf4 dxc4 25.Rxc4 Qf5 26.Qc2 Qh5 27.Qd3 Ng4 28.d5 Bb4 29.Rc2 Be1
30.Nc7 Bxf2+ 31.Rxf2 Qh2+ 32.Kf1 Ne3+ 33.Ke2 Nxg2+ 34.Nxe8 Nxf4+ 35.Kf3 Qxf2+
36.Kxf2 Nxd3+ 37.Ke3 Rxe8+ 38.Kxd3 Re7 39.a4 Kf8 40.Rb5 Ke8 41.Rxa5 Kd7  1/2-1/2

[Event "Montecatini Terme op"]
[Site "Montecatini Terme"]
[Date "1998.??.??"]
[Round "1"]
[White "Ptaschinski, Dirk"]
[Black "Horvath, Csaba"]
[Result "0-1"]
[WhiteElo "2205"]
[BlackElo "2535"]

1.d4 Nf6 2.Bg5 c5 3.Bxf6 gxf6 4.d5 Qb6 5.Qc1 f5 6.e3 Bg7 7.c3 d6 8.Na3 Nd7
9.Nh3 Nf6 10.Nf4 e5 11.dxe6 fxe6 12.Be2 Bd7 13.Nh5 Rg8 14.Nxf6+ Bxf6 15.Qd2 d5
16.O-O-O Rxg2 17.Rhg1 Rxg1 18.Rxg1 O-O-O 19.e4 fxe4 20.Qh6 Be5 21.Qxh7 Qd6
22.h4 Qf8 23.Rg2 Qf4+ 24.Kb1 Qd2 25.Qh5 Qe1+ 26.Bd1 Rh8  0-1

[Event "Montecatini Terme"]
[Site "Montecatini Terme"]
[Date "1998.??.??"]
[Round "2"]
[White "Miladinovic, Igor"]
[Black "Beggi, Pierluigi"]
[Result "1-0"]
[WhiteElo "2565"]
[BlackElo "2205"]

1.d4 Nf6 2.Bg5 d5 3.Bxf6 gxf6 4.e3 c5 5.Nc3 e6 6.Nge2 cxd4 7.Nxd4 a6 8.Bd3 Nc6
9.O-O h5 10.Nxc6 bxc6 11.e4 dxe4 12.Bxe4 Qxd1 13.Raxd1 Bb7 14.Na4 Rd8 15.f4 f5
16.Bf3 Bd6 17.Rd4 Kd7 18.b4 Kc7 19.Rc4 Be7 20.Kf2 h4 21.Nc5 Bxc5+ 22.Rxc5 Rd4
23.a3 h3 24.g3 Rd2+ 25.Be2 Rhd8 26.Ke1 Kb6 27.Rf2 a5 28.Bd3 Rxf2 29.Kxf2 axb4
30.axb4 Rd4 31.Rc4 Rd6 32.Rc5 Rd4 33.Rc3 Rxb4 34.Bf1 Rd4 35.Rd3 c5 36.Bxh3 Be4
37.Rxd4 cxd4 38.Bf1 f6 39.h4 Bd5 40.Bd3 Bc6 41.h5 Be8 42.h6 Bg6 43.Bc4 Bh7
44.Bxe6 Kc5 45.Ke2  1-0

[Event "RUS-Cup02"]
[Site "Moscow"]
[Date "1998.??.??"]
[Round "1"]
[White "Kravtsov, Sergey"]
[Black "Lylov, Igor"]
[Result "0-1"]
[WhiteElo "2415"]
[BlackElo "2130"]

1.d4 Nf6 2.Bg5 g6 3.Bxf6 exf6 4.e3 d5 5.Bd3 Be6 6.Ne2 Nd7 7.c3 c6 8.Nd2 Bd6
9.Qc2 b6 10.Nf4 Qc7 11.g3 Bxf4 12.exf4 f5 13.Nf3 f6 14.O-O Kf7 15.Rfe1 Rhe8
16.Re3 c5 17.Bb5 a6 18.Bxd7 Bxd7 19.Rae1 Re4 20.dxc5 bxc5 21.Qd3 Rd8 22.Qxa6 Bc6
23.Qf1 Qb7 24.Nd2 Rxe3 25.Rxe3 d4 26.cxd4 cxd4 27.Rb3 Qa8 28.Ra3 Qb7 29.Rb3 Qe7
30.f3 Bd5 31.Ra3 Qb4 32.Nb3 Re8 33.Ra7+ Kg8 34.Kg2 Bc4 35.Qd1 Re2+ 36.Kh3 Qf8
37.Ra8 Qxa8 38.Qxd4 Bxb3 39.axb3 Qxf3 40.Qd8+ Kg7  0-1

[Event "EU-ch U16 Girls"]
[Site "Murek"]
[Date "1998.??.??"]
[Round "3"]
[White "Charkhalashvili, Inga"]
[Black "Moser, Eva"]
[Result "1-0"]
[WhiteElo "2075"]
[BlackElo "2190"]

1.d4 Nf6 2.Bg5 g6 3.Bxf6 exf6 4.e3 Bg7 5.g3 d5 6.Bg2 c6 7.Nd2 f5 8.Ne2 Be6
9.Nf4 Nd7 10.c4 dxc4 11.Nxe6 fxe6 12.Nxc4 Qc7 13.Qb3 O-O 14.O-O Kh8 15.Rac1 g5
16.Rfd1 f4 17.Nd2 Rae8 18.Ne4 h6 19.Qa3 Nb6 20.Nc5 Qb8 21.Qb3 Rf6 22.a4 Bf8
23.Nd3 Bd6 24.e4 e5 25.dxe5 Bxe5 26.Nc5 Re7 27.a5 fxg3 28.fxg3 Na8 29.Nd7 Qe8
30.Nxf6 Bxf6 31.Rd3 b6 32.Rd6 Be5 33.Rdxc6 Nc7 34.Kh1 bxa5 35.Rxh6+ Kg7 36.Rcc6 Rd7
37.Bf3 Qf7 38.Qe3 g4 39.Bxg4 Qf1+ 40.Qg1 Qd3 41.Rcg6+ Kf8 42.Qf2+ Rf7 43.Qc5+ Re7
44.Rf6+ Bxf6 45.Rxf6+ Ke8 46.Qc6+  1-0

[Event "New York op"]
[Site "New York"]
[Date "1998.??.??"]
[Round "9"]
[White "Akopian, Vladimir"]
[Black "Atalik, Suat"]
[Result "1-0"]
[WhiteElo "2660"]
[BlackElo "2595"]

1.d4 Nf6 2.Bg5 c5 3.Bxf6 gxf6 4.d5 Qb6 5.Qc1 f5 6.g3 Bg7 7.c3 h5 8.h4 Qh6
9.e3 d6 10.Qc2 Na6 11.Qa4+ Bd7 12.Qb3 Nc7 13.Qxb7 Rc8 14.Nh3 O-O 15.Nf4 e5
16.dxe6 fxe6 17.Be2 e5 18.Nxh5 Kh8 19.c4 d5 20.cxd5 Qd6 21.Qb3 Rb8 22.Qc2 Nxd5
23.Nc3 Nxc3 24.bxc3 Bc6 25.O-O Qd5 26.f3 c4 27.Rad1 Qc5 28.Kh2 Be8 29.f4 e4
30.g4 Qxe3 31.Bxc4 Kh7 32.Ng3 Bxc3 33.Bb3 Bb5 34.Qf2 Qxf2+ 35.Rxf2 e3 36.Rc2 Rbc8
37.Be6 Rc7 38.Rdc1 e2 39.Nxe2 Bxe2 40.Bxf5+ Rxf5 41.gxf5  1-0

[Event "South Wales 1st"]
[Site "Newport"]
[Date "1998.??.??"]
[Round "7"]
[White "Houska, Miroslav"]
[Black "Turner, Matthew"]
[Result "1/2-1/2"]
[WhiteElo "2385"]
[BlackElo "2470"]

1.d4 Nf6 2.Bg5 d5 3.Bxf6 exf6 4.e3 c6 5.c4 dxc4 6.Bxc4 Bd6 7.Nc3 f5 8.Nge2 O-O
9.Ng3 f4 10.exf4 Bxf4 11.O-O Nd7 12.d5 Nb6 13.Bb3 cxd5  1/2-1/2

[Event "Norrkoeping op"]
[Site "Norrkoeping"]
[Date "1998.??.??"]
[Round "4"]
[White "Bellon Lopez, Juan Manuel"]
[Black "Olsson, Krister"]
[Result "1-0"]
[WhiteElo "2455"]
[BlackElo "2320"]

1.d4 Nf6 2.Bg5 g6 3.Bxf6 exf6 4.e3 Bg7 5.h4 f5 6.Ne2 b6 7.Nf4 Bb7 8.c3 Bf6
9.h5 g5 10.Ne2 Qe7 11.Nd2 c5 12.Qc2 cxd4 13.exd4 f4 14.O-O-O O-O 15.f3 h6
16.g3 g4 17.Nxf4 gxf3 18.Bc4 Re8 19.Rhe1 Qxe1 20.Qg6+ Bg7 21.Qxf7+ Kh8 22.Ng6+ Kh7
23.Ne5 Rxe5 24.Qg8+  1-0

[Event "Nova Gorica op"]
[Site "Nova Gorica"]
[Date "1998.??.??"]
[Round "6"]
[White "Drazic, Sinisa"]
[Black "Fucak, Emilijo"]
[Result "1/2-1/2"]
[WhiteElo "2515"]
[BlackElo "2265"]

1.d4 Nf6 2.Bg5 d5 3.Bxf6 exf6 4.e3 Be6 5.Nd2 c5 6.c3 Nc6 7.dxc5 Bxc5 8.Ne2 Qb6
9.Nb3 O-O-O 10.Nxc5 Qxc5 11.Nd4 Nxd4 12.Qxd4 Qxd4 13.exd4 Bf5 14.Kd2 Rhe8
15.Be2 Kc7 16.Rhe1 Kd6 17.Bh5 g6 18.Rxe8 Rxe8 19.Be2 h5 20.h4 Bg4 21.Bb5 Bd7
22.Bd3 Bf5 23.Be2 Bg4 24.f3 Bd7 25.b3 Rf8 26.Rh1 b5 27.a3 Rc8 28.g3 Rf8 29.f4 Rc8
30.Bd3 Rb8 31.Rc1 Be6 32.Ke3 Re8 33.Kf3 Rb8 34.Kf2 Bd7 35.Ke2 Be6 36.Kf2 Rb6
37.Rf1 Bf5 38.Be2 Bd7 39.Re1 Rb8 40.Rc1 Be6 41.Ra1 Bd7  1/2-1/2

[Event "RUS-ch sf"]
[Site "Novosibirsk"]
[Date "1998.??.??"]
[Round "?"]
[White "Roppel, Konstantin"]
[Black "Nevostrujev, Vladimir"]
[Result "0-1"]
[WhiteElo "2260"]
[BlackElo "2410"]

1.d4 Nf6 2.Bg5 c5 3.Bxf6 gxf6 4.c3 Qb6 5.Qc2 d5 6.e3 Nc6 7.Nf3 e5 8.Be2 Rg8
9.g3 Bh3 10.Nbd2 cxd4 11.exd4 e4 12.Nh4 f5 13.Bf1 Bxf1 14.Rxf1 f4 15.O-O-O O-O-O
16.f3 e3 17.Nb3 Qa6 18.Rde1 Qxa2 19.gxf4 Kb8 20.Rxe3 Bh6 21.Nd2 Bxf4 22.Rd3 Nb4
23.cxb4 Rc8 24.Rc3 Qa1+ 25.Qb1 Rxc3+ 26.bxc3 Qxc3+ 27.Qc2 Qa1+ 28.Qb1 Qxd4
29.Qa2 Bxd2+ 30.Qxd2 Qa1+  0-1

[Event "Nyirsegi Torna op"]
[Site "Nyirsegi Torna"]
[Date "1998.??.??"]
[Round "2"]
[White "Monus, Zoltan"]
[Black "Homoki, Gabor"]
[Result "1-0"]
[WhiteElo "2175"]
[BlackElo "2025"]

1.d4 Nf6 2.Bg5 c5 3.Bxf6 gxf6 4.d5 Qb6 5.Qc1 d6 6.e3 Bf5 7.Nd2 Nd7 8.Ne2 Ne5
9.Ng3 Bg6 10.f4 Ng4 11.Nc4 Qc7 12.f5 b5 13.h3 Nh6 14.fxg6 bxc4 15.gxf7+ Nxf7
16.Bxc4 Rg8 17.Bb5+ Kd8 18.Kf2 Rb8 19.a4 Qb7 20.Qd2 Qb6 21.Rhb1 Ne5 22.Ra3 Rg5
23.Rb3 Qc7 24.Ne2 Bh6 25.Nf4 Rf5 26.g4 Bxf4 27.exf4 c4 28.Rg3  1-0

[Event "Nyirsegi Torna op"]
[Site "Nyirsegi Torna"]
[Date "1998.??.??"]
[Round "4"]
[White "Monus, Zoltan"]
[Black "Valko, Krisztian"]
[Result "1-0"]
[WhiteElo "2175"]
[BlackElo "2020"]

1.d4 Nf6 2.Bg5 g6 3.Bxf6 exf6 4.g3 Bg7 5.Bg2 O-O 6.e3 d5 7.Ne2 c6 8.Nd2 Qb6
9.b3 a5 10.a3 Na6 11.O-O Re8 12.c4 Nc7 13.Nc3 Be6 14.Re1 f5 15.c5 Qa7 16.Na4 Rad8
17.b4 axb4 18.axb4 Qb8 19.Nc3 b5 20.Nb3 Qc8 21.Na5 Na6 22.Qb3 g5 23.f4 gxf4
24.gxf4 Bf6 25.Bf1 Kh8 26.Nxc6 Rg8+ 27.Kh1 Nxc5 28.bxc5 Qxc6 29.Qxb5 Qc7
30.Qb6 Qe7 31.Bb5 Bh4 32.Re2 Rg4 33.Rg2 Rxg2 34.Kxg2 Rg8+ 35.Kf3 Qf6 36.Ke2 Qg6
37.Kd3 Qg2 38.Qd6 h6 39.Bc6 Rd8 40.Bxd5 Bxd5 41.Qxh6+ Kg8 42.Qxh4 Be4+ 43.Kc4 Bd5+
44.Nxd5 Qxd5+ 45.Kc3 Ra8 46.Rg1+ Kf8 47.Qh8+ Ke7 48.Qe5+ Qxe5 49.fxe5 Ra3+
50.Kc4 Rxe3 51.Kd5 Rh3 52.Rf1 Rxh2 53.Rxf5 Rc2 54.Rf6 Rc1 55.Ra6 Rc2 56.Ra7+  1-0

[Event "GER-ch U17"]
[Site "Oberhof"]
[Date "1998.??.??"]
[Round "?"]
[White "Schenk, Andreas"]
[Black "Wegener, Olaf"]
[Result "1/2-1/2"]
[WhiteElo "2275"]
[BlackElo "2175"]

1.d4 Nf6 2.Bg5 d5 3.Bxf6 gxf6 4.c4 dxc4 5.e3 c5 6.d5 a6 7.a4 Bg7 8.Bxc4 f5
9.Nc3 Nd7 10.Nge2 Ne5 11.a5 b5 12.axb6 Nxc4 13.Qa4+ Bd7 14.Qxc4 Qxb6 15.O-O O-O
16.Rfb1 Qb4 17.Qd3 Rfb8 18.Ng3 f4 19.exf4 Qxf4 20.Ra2 Rb6 21.Re1 Bd4 22.Qc2 Rh6
23.Re4 Qd6 24.Qd2 Kh8 25.Ra1 Rg6 26.Rae1 Rag8 27.Rxe7 Be6 28.Rb7 Bxd5 29.Nxd5 Qxd5
30.Rbe7 Rf6 31.R1e2 Qd6 32.Re8 Bxf2+ 33.Kh1 Qxd2 34.Rxg8+ Kxg8 35.Rxd2 Bd4
36.b3 Re6 37.h4 Re1+ 38.Kh2 Be5 39.Rd3 Kf8 40.Kh3 Bxg3 41.Kxg3 Rc1 42.Kf3 a5
43.g4 Kg7 44.g5 c4 45.bxc4 Rxc4 46.Rd5 a4 47.Kg3 h6 48.Ra5 hxg5 49.hxg5 Kg6
50.Kf3 Kh5 51.Ra7  1/2-1/2

[Event "GER-ch U17"]
[Site "Oberhof"]
[Date "1998.??.??"]
[Round "?"]
[White "Huber, Philipp"]
[Black "Wegener, Olaf"]
[Result "1/2-1/2"]
[WhiteElo "2105"]
[BlackElo "2175"]

1.d4 Nf6 2.Bg5 d5 3.e3 c5 4.c3 Qb6 5.Qb3 c4 6.Qxb6 axb6 7.Bxf6 gxf6 8.e4 e6
9.g3 b5 10.Bg2 dxe4 11.Bxe4 Nd7 12.Nd2 Nb6 13.Ne2 Kd8 14.O-O Kc7 15.b3 Bd7
16.bxc4 bxc4 17.Rfb1 Bc6 18.Bxc6 bxc6 19.a4 Rxa4 20.Rxa4 Nxa4 21.Ra1 Bh6
22.Ne4 Ra8 23.Nxf6 Nxc3 24.Rxa8 Nxe2+ 25.Kf1 Nxd4 26.Ra4 c3 27.Rc4 c2 28.f4 Bf8
29.Nxh7 Ba3 30.Ng5 c1=Q+ 31.Rxc1 Bxc1 32.Nxf7 Kd7 33.h4 Ke7 34.Ne5 c5 35.h5 Nf5
36.g4 Ne3+ 37.Ke2 Nxg4 38.Nxg4 Bxf4 39.Kf3 e5 40.Ke4 c4 41.h6 Kf7 42.Nf2 Kg6
43.Nd1 Kxh6 44.Kd5 Kg5 45.Kxc4 e4 46.Nc3 e3 47.Kd3  1/2-1/2

[Event "GER-ch U17"]
[Site "Oberhof"]
[Date "1998.??.??"]
[Round "?"]
[White "Huber, Philipp"]
[Black "Schneider, Henning"]
[Result "0-1"]
[WhiteElo "2105"]
[BlackElo "2220"]

1.d4 d5 2.Bg5 Nf6 3.e3 Bf5 4.Bxf6 exf6 5.Ne2 Bd6 6.c3 c6 7.Qb3 Qb6 8.Ng3 Bxb1
9.Rxb1 g6 10.Bd3 O-O 11.O-O f5 12.Qc2 Nd7 13.b4 Qc7 14.Rfe1 Rfe8 15.Nf1 Nf6
16.g3 Kg7 17.Nd2 Ne4 18.Bxe4 fxe4 19.c4 Qd7 20.b5 dxc4 21.Qxc4 cxb5 22.Qxb5 Qxb5
23.Rxb5 b6 24.a4 Rac8 25.Rb2 f5 26.Ra1 Rc3 27.a5 Bc7 28.axb6 Bxb6 29.Ra4 Rec8
30.Rbb4 Rc1+ 31.Kg2 R8c2 32.Nc4 Re2 33.Nxb6 axb6 34.Rc4 Rd1 35.Ra7+ Kh6 36.h4 Rdd2
37.Rcc7 Rxf2+ 38.Kg1 Rg2+ 39.Kh1 Rh2+ 40.Kg1 Kh5 41.Rxh7+ Kg4  0-1

[Event "SVE Cup qf"]
[Site "Oerebro"]
[Date "1998.??.??"]
[Round "?"]
[White "Eriksson, Johan"]
[Black "Eriksson, Mats"]
[Result "0-1"]
[WhiteElo "2380"]
[BlackElo "2260"]

1.d4 Nf6 2.Bg5 c5 3.Bxf6 gxf6 4.d5 Bg7 5.e3 d6 6.c3 Na6 7.Ne2 Nc7 8.a4 b6
9.Nf4 Bh6 10.Be2 Bb7 11.Bf3 Qd7 12.c4 f5 13.Nh5 a6 14.Nc3 b5 15.axb5 axb5
16.Rxa8+ Bxa8 17.cxb5 Nxb5 18.Qa4 Nc7 19.Qh4 Bf8 20.O-O Bb7 21.Re1 Nb5 22.e4 Nd4
23.Bd1 Kd8 24.Qf4 Rg8 25.e5 dxe5 26.Qxe5 Qc7 27.Qe3 Rg6 28.g3 Rb6 29.Qd2 Bh6
30.f4 Bf8 31.Re3 Ba8 32.Na4 Rd6 33.Nc3 Qb7 34.g4 fxg4 35.Bxg4 Rg6 36.h3 f5
37.Ng3 fxg4 38.f5 Rg8 39.Nce4 Qb4 40.Qf2 Bh6 41.f6 Bxe3 42.fxe7+ Kxe7 43.Qxe3 Qe1+
44.Qxe1 Nf3+ 45.Kf2 Nxe1 46.Nf5+ Kd8  0-1

[Event "RUS-Cup"]
[Site "Omsk/Perm"]
[Date "1998.??.??"]
[Round "4"]
[White "Kolmachevskikh, Viktor"]
[Black "Pavlov, Aleksandr"]
[Result "0-1"]
[WhiteElo "2280"]
[BlackElo "2310"]

1.d4 Nf6 2.Bg5 c5 3.dxc5 e6 4.Nd2 Bxc5 5.e3 h6 6.Bh4 d5 7.Ngf3 Nc6 8.Be2 a6
9.O-O g5 10.Bg3 Nh5 11.Be5 Nxe5 12.Nxe5 Nf6 13.Bh5 Nxh5 14.Qxh5 Qf6 15.Nd3 Bb6
16.e4 O-O 17.Kh1 Bd7 18.Rae1 Rac8 19.Qd1 Bb5 20.exd5 exd5 21.Nf3 Rc4 22.Re2 Re4
23.Rfe1 Rfe8 24.c3 Qf5  0-1

[Event "Wch U14"]
[Site "Oropesa del Mar"]
[Date "1998.??.??"]
[Round "7"]
[White "Berkes, Ferenc"]
[Black "Zhang Ziyang"]
[Result "1-0"]
[WhiteElo "2290"]
[BlackElo "2130"]

1.d4 Nf6 2.Bg5 d5 3.Bxf6 exf6 4.e3 Bd6 5.Bd3 O-O 6.Qf3 Be6 7.Nd2 Nc6 8.c3 Ne7
9.Ne2 Qd7 10.h3 b6 11.O-O-O c5 12.g4 c4 13.Bb1 b5 14.e4 Rac8 15.exd5 Bxd5
16.Be4 Qc6 17.Kb1 Rb8 18.Rc1 Rb6 19.Rc2 Rfb8 20.Re1 b4 21.cxb4 Rxb4 22.Bxd5 Nxd5
23.Nc3 Nxc3+ 24.Qxc3 Ra4 25.Nxc4 Rd8 26.Qb3 Rb4 27.Qc3 Ra4 28.a3 Qa6 29.Qb3 Bf8
30.Rd1 Bc5 31.Rd3 Bf8 32.d5 Re8 33.Rd1 Bc5 34.d6 Qc6 35.d7 Rd8 36.Nd6 Qxd7
37.Rxc5 Ra6 38.Rcd5  1-0

[Event "NOR-ch"]
[Site "Oslo"]
[Date "1998.??.??"]
[Round "9"]
[White "Djurhuus, Rune"]
[Black "Dannevig, Oystein"]
[Result "1/2-1/2"]
[WhiteElo "2510"]
[BlackElo "2325"]

1.d4 Nf6 2.Bg5 d5 3.Nf3 c6 4.e3 Qb6 5.Qc1 Bf5 6.Be2 Nbd7 7.O-O h6 8.Bxf6 Nxf6
9.c4 e6 10.Nc3 Be7 11.a3 O-O 12.b4 Ne4 13.Nxe4 Bxe4 14.Nd2 Bh7 15.Qc3 a5
16.c5 axb4 17.axb4 Qc7 18.Rxa8 Rxa8 19.Ra1 Rb8 20.Ra7 Bf6 21.Nf3 Be4 22.Ne5 Bxe5
23.dxe5 Qd8 24.f3 Bg6 25.g3 h5 26.h4 Bf5 27.Kf2 g6 28.Qa1 Kg7 29.Qd4 Qc8
30.Qf4 Ra8 31.Rxa8 Qxa8 32.g4 hxg4 33.fxg4 Be4 34.Qf6+ Kg8 35.h5 Qf8 36.Kg3 Kh7
37.Kh4 Kg8 38.Bd1 Kh7 39.Kh3 Kg8 40.Be2 Kh7 41.Kh4 Kg8 42.Bf1 Kh7 43.Bh3 Kg8
44.Qf4 Kh7 45.Qg5 Kg8 46.Qf6 Bc2 47.Bg2 Bd3 48.Bf3 Bc2 49.Be2 Be4 50.Bf1 Kh7
51.b5 cxb5 52.Bxb5 Kg8 53.Bd7 gxh5 54.gxh5 Qxc5 55.Qd8+ Qf8 56.Qxf8+ Kxf8
57.Bb5 Kg7 58.Kg5 Bf5 59.Be2 Bc2 60.Bb5 Bf5 61.Be2  1/2-1/2

[Event "HUN-ch U14"]
[Site "Paks"]
[Date "1998.??.??"]
[Round "8"]
[White "Berkes, Ferenc"]
[Black "Meszaros, Tamas"]
[Result "0-1"]
[WhiteElo "2230"]
[BlackElo "2150"]

1.d4 Nf6 2.Bg5 d5 3.Bxf6 exf6 4.e3 Bd6 5.Bd3 O-O 6.Nd2 c6 7.Qf3 Nd7 8.Ne2 b5
9.e4 Nb6 10.O-O Nc4 11.Bxc4 dxc4 12.Qe3 Qb6 13.f4 f5 14.e5 Re8 15.b3 cxb3
16.axb3 Bf8 17.Kh1 Be6 18.c4 Bb4 19.Rac1 a5 20.Nf3 h6 21.Rfd1 Red8 22.Ng3 a4
23.cxb5 cxb5 24.bxa4 bxa4 25.Qd3 g6 26.h4 a3 27.h5 a2 28.Nh4 Ra3 29.Qc2 Rxg3
30.hxg6 Rc3 31.gxf7+ Kxf7 32.Qe2 Rxc1 33.Qh5+ Ke7 34.Rxc1 Bd2 35.Rd1 Qb1
36.Kh2 a1=Q 37.Rxb1 Qxb1 38.Qxh6 Kf7  0-1

[Event "Atom Cup IM 3rd"]
[Site "Paks"]
[Date "1998.??.??"]
[Round "10"]
[White "Meszaros, Gyula"]
[Black "Palkovi, Jozsef"]
[Result "1/2-1/2"]
[WhiteElo "2305"]
[BlackElo "2435"]

1.d4 Nf6 2.Bg5 Ne4 3.Bc1 Nf6 4.Bg5 d5 5.Bxf6 gxf6 6.Nf3 c5 7.Nc3 e6 8.e3 Nc6
9.Bb5 Qb6 10.O-O Bg7  1/2-1/2

[Event "Pardubice Czech op"]
[Site "Pardubice"]
[Date "1998.??.??"]
[Round "6"]
[White "Konopka, Michal"]
[Black "Vavra, Pavel"]
[Result "1/2-1/2"]
[WhiteElo "2445"]
[BlackElo "2340"]

1.d4 d5 2.Bg5 Nf6 3.Nf3 g6 4.e3 Bg7 5.Nbd2 c5 6.c3 Qb6 7.Qb3 Nc6 8.Bd3 Qxb3
9.axb3 Nd7 10.O-O O-O 11.Bc2 h6 12.Bh4 f5 13.Bg3 cxd4 14.Nxd4 Nxd4 15.cxd4 e5
16.dxe5 Nxe5 17.Rab1 Nc6 18.Rfc1 Be6 19.Nf3 d4 20.b4 dxe3 21.fxe3 Ba2 22.b5 Nb4
23.Ra1 Bxb2 24.Bd6 Rfc8 25.Rxa2 Nxa2 26.Bb3+ Kh7 27.Rxc8 Rxc8 28.Bxa2 Bc1
29.h4 Bxe3+ 30.Kh2 Rc2 31.Bf7 Bb6 32.Ne5 Bc7 33.Bxg6+ Kg7 34.Bxc7 Rxc7 35.h5 Rc5
36.Nf3 Rxb5 37.Nd4 Rc5 38.Ne6+  1/2-1/2

[Event "Paris"]
[Site "Paris"]
[Date "1998.??.??"]
[Round "9"]
[White "Large, Laurent"]
[Black "Lukov, Valentin"]
[Result "1/2-1/2"]
[WhiteElo "2245"]
[BlackElo "2470"]

1.d4 Nf6 2.Bg5 d5 3.Nd2 c6 4.e3 Qb6 5.Bxf6 exf6 6.Qc1 Be6 7.Bd3 f5 8.Ne2 Nd7
9.O-O Nf6 10.c4 dxc4 11.Nxc4 Bxc4 12.Qxc4 g6 13.Nc3 Rd8 14.Rac1 Qb4 15.g3 Be7
16.Rfd1 O-O 17.Qxb4 Bxb4 18.Bf1 Rfe8 19.Bg2 Re7 20.a3 Bd6 21.Rc2 Kf8 22.Na4 Ne4
23.Nc3 a6 24.Na4 Bc7 25.Rdc1 Bd6 26.Nc3 h5 27.Nxe4 fxe4 28.h4 f5 29.Bf1 Kg7
30.Be2 Kf6 31.Kg2 Rh7 32.Rh1 Rdd7 33.Rd1 Rc7 34.Rdc1 Rh8 35.Rd1 Rd7 36.Rh1 Be7
37.Rhc1 Kg7 38.Bc4 Rdd8 39.Rd1 c5 40.Be2 cxd4 41.Rc7 d3 42.Bxd3 Kf6 43.Be2 Rxd1
44.Bxd1 Rd8 45.Bb3 Rd2 46.Rxb7 Rxb2 47.Rb6+ Kg7 48.Rb7  1/2-1/2

[Event "HUN-ch op"]
[Site "Pecs"]
[Date "1998.??.??"]
[Round "9"]
[White "Berkes, Ferenc"]
[Black "Csiszar, Csaba"]
[Result "1/2-1/2"]
[WhiteElo "2230"]
[BlackElo "2410"]

1.d4 Nf6 2.Bg5 d5 3.Bxf6 exf6 4.e3 Bd6 5.Bd3 O-O 6.Nd2 Be6 7.Qf3 Nc6 8.c3 Qd7
9.Ne2 Ne7 10.h3 f5 11.O-O-O a5 12.g4 Rfc8 13.Rdg1 b5 14.gxf5 Bxf5 15.Bxf5 Qxf5
16.Qxf5 Nxf5 17.Kc2 Re8 18.Kd3 Re6 19.Rg5 g6 20.Rc1 a4 21.Ng1 Be7 22.Rg2 Nh4
23.Rg3 Re8 24.Ngf3 Bd6 25.Rgg1 Nf5 26.b3 axb3 27.axb3 Ra8  1/2-1/2

[Event "Plzen opJ-C"]
[Site "Plzen"]
[Date "1998.??.??"]
[Round "2"]
[White "Straka, Zdenek"]
[Black "Hajek, J."]
[Result "0-1"]
[WhiteElo "1915"]
[BlackElo "2045"]

1.d4 Nf6 2.Bg5 c5 3.Nc3 cxd4 4.Qxd4 Nc6 5.Qh4 e6 6.O-O-O Be7 7.e4 a6 8.f4 d5
9.e5 Ng8 10.Nf3 Qc7 11.Bd3 Bb4 12.Ne2 Nge7 13.Ned4 Bd7 14.Bxe7 Bxe7 15.Qg3 g6
16.Nxc6 bxc6 17.h4 Qa5 18.a3 O-O-O 19.Qe1 Qb6 20.Nd2 Kc7 21.Nb3 c5 22.Qc3 Rb8
23.Be2 Rhc8 24.h5 g5 25.g3 h6 26.Rhf1 Kb7 27.Bf3 Ka7 28.Nd2 Bc6 29.Qb3 Qa5
30.Qa2 Rc7 31.Rfe1 Ba8 32.Nb3 Qa4 33.f5 g4 34.f6 gxf3 35.fxe7 Qg4 36.Rf1 Qxg3
37.Nd2 d4 38.Nc4 Rxe7 39.b4 Qf4+ 40.Rd2 Bd5 41.Qb3 Reb7 42.c3 dxc3 43.Qxc3 Qxc4  0-1